000 00476nam a22001217a 4500
999 _c23698
_d23698
003 NUST
005 20170606125258.0
008 140101b xxu||||| |||| 00| 0 eng d
010 _b8081734
020 _cAvailable
_a0471050148
040 _aDLC
_bDLC
_cRCMS
082 _a620.004 DHI
_b001060
100 _aB.S.Dhillon C. Singh
_92082
245 _aEngineering Reliabilty New Techniques and Applications
_cDhillon B.S
260 _aCanada
_bJohn Wiley & Sons
_cc.1981
300 _axix,339,p:
_bill:
_c24,cm.
440 _aA Voiume on the Wiley Series on Systems Engineering and Analysis,Edited by Harold Chestnut
_92083
500 _aIncludes bibliographic and index.
538 _iShelf No 1 Row No 3
650 _xReliability (Engineering)
_92084
856 _3Table of Content Only
942 _2ddc
_cBK